Najlżejsze pierwiastki chemiczne A-Ż - Statystyki

Ogólne statystyki
  • Ten quiz został rozwiązany 2 749 razy
  • Średni wynik to 13 z 23
Statystyki odpowiedzi
Litera Pierwiastek % Poprawnych
H Hel
81%
A Azot
78%
T Tlen
78%
J Jod
73%
W Wodór
73%
L Lit
70%
F Fluor
69%
Ż Żelazo
69%
P Potas
67%
U Uran
67%
B Beryl
65%
Z Złoto
59%
M Magnez
58%
C Chlor
56%
N Neon
55%
G Glin
51%
S Sód
47%
K Krzem
45%
I Itr
36%
E Europ
27%
O Osm
25%
R Rubid
18%
D Dysproz
12%
Nie znaleziono quizów pasujących do podanych kryteriów
Rozkład punktacji
Procent ludzi z każdym wynikiem
Percentyl według liczby udzielonych odpowiedzi
Twoja historia wyników
Nie rozwiązałeś tego quizu